000
00333cam a2200145ua 4500
003
OSt
008
230506b |||||||| |||| 00| 0 eng d
041
_a
eng
082
_a
631.316
_b
IND/TE
245
_a
Test code for power tillers ,IS:9935-1981 /
250
_a
1 /
260
_a
:
_b
ISI ,
_c
1982.
300
_a
48 ; .
942
_c
BK
999
_c
4231
_d
4231